Score 0/39 Timer 07:00
0 Plays Today
Clue 5-Letter Word % Correct
Word Ladder 1WAVES
92%
Word Ladder 1WINES
91.5%
Word Ladder 1LAGER
91%
Word Ladder 1WAGER
90.5%
Word Ladder 1WIVES
89.6%
Word Ladder 1WAVER
88.1%
Word Ladder 1LIGER
87.2%
Word Ladder 1WINGS
86%
Word Ladder 1SINGS
86%
Word Ladder 1★ NIGER ★
85.7%
Word Ladder 3SHINE
85.5%
Word Ladder 3STARR
83.4%
Word Ladder 3STONE
82.2%
Word Ladder 3STAIR
81.8%
Word Ladder 3SHONE
80.1%
Word Ladder 3STORE
78%
Word Ladder 3STAIN
77.9%
Word Ladder 1SONGS
77.8%
Word Ladder 1TONGS
77.4%
Word Ladder 2MARES
77%
Clue 5-Letter Word % Correct
Word Ladder 3WHINE
76.8%
Word Ladder 3★ SPAIN ★
75.7%
Word Ladder 1★ TONGA ★
72.9%
Word Ladder 3★ CHILE ★
68.8%
Word Ladder 3STARK
67.7%
Word Ladder 3STORK
67%
Word Ladder 2MARTS
65.4%
Word Ladder 3WHILE
62.9%
Word Ladder 2MATTY
62%
Word Ladder 2MARTY
55.9%
Word Ladder 2★ JAPAN ★
51.9%
Word Ladder 2MATTI
48.7%
Word Ladder 2★ HAITI ★
44.7%
Word Ladder 2JAVAS
44.5%
Word Ladder 2LAVES
42.4%
Word Ladder 2LARES
42.3%
Word Ladder 2LAVAS
42.1%
Word Ladder 2JAVAN
38.4%
Word Ladder 2HATTI
36.8%

Today's Daily Dose

Missing Word
I Hardly Know Her!

Word Ladder
Sentence Ending

Quick Pick
Female Firsts

Get the Picture
Triathlon Sports

Remove Ads.
Support Sporcle.
Get the best of Sporcle when you Go Orange. This ad-free experience offers more features, more stats, and more fun while also helping to support Sporcle. Thank you for becoming a member.

You're not logged in!

Compare scores with friends on all Sporcle quizzes.
OR
Log In

Show Comments

Extras

Top Quizzes Today


Score Distribution

Your Account Isn't Verified!

In order to create a playlist on Sporcle, you need to verify the email address you used during registration. Go to your Sporcle Settings to finish the process.

Report this User

Report this user for behavior that violates our Community Guidelines.

Details: